| 000 | 01500nam a22002537a 4500 | ||
|---|---|---|---|
| 005 | 20180115144331.0 | ||
| 010 | _aB-668925 | ||
| 020 |
_a8126313064 _c275.00 |
||
| 035 | _aB-668925 | ||
| 037 | _bभारतीय ज्ञानपीठ/ PUB | ||
| 082 | _a821 | ||
| 100 | _aमुखोपाध्याय, सुभाष | ||
| 245 |
_aअग्निगर्भ / _cसुभाष मुखोपाध्याय; रणजीत साहा द्वारा अनुदित एवं सम्पादित |
||
| 246 |
_aAgnigarbha _bby Subash Mukhopadhyay |
||
| 250 | _a3सरा संस्क | ||
| 260 |
_aनई दिल्ली _bभारतीय ज्ञानपीठ _c2016 |
||
| 270 |
_a18, इन्स्टीट्यूशनल एरिया, लोदी रोड _bनई दिल्ली _e110003 |
||
| 300 |
_a264पृ. _b22सेमी (सजिल्द) |
||
| 500 | _aभारतीय ज्ञानपीठ से सम्मानित कृति | ||
| 700 |
_a साहा, रणजीत _924521 |
||
| 942 |
_2ddc _cHN _h821 _mमुखोपा |
||
| 999 |
_c149230 _d149230 |
||